| 000 | 00446nam a22001577a 4500 | ||
|---|---|---|---|
| 003 | PILC | ||
| 005 | 20160205142306.0 | ||
| 008 | 150601b xxu||||| |||| 00| 0 eng d | ||
| 050 |
_aBF 637 _b.P238 2010 |
||
| 100 | _aParker, Sam. | ||
| 245 |
_aCross the line / _cSam Parker. |
||
| 260 |
_aVirginia : _bGive More Media, Inc., _c2010. |
||
| 300 |
_avarious pages : _billustrations ; _c13 cm. |
||
| 650 | _aSelf-actualization. | ||
| 942 |
_2lcc _cBK _kFOR |
||
| 999 |
_c284570 _d284570 |
||